Economic essays /

Bibliographic Details
Corporate Author: American Economic Association
Other Authors: Hollander, Jacob H. (Jacob Harry), 1871-1940
Format: Book
Language:English
Published: New York : Macmillan, 1927.
Subjects:

MARC

Tag First Indicator Second Indicator Subfields
LEADER 00000cam a2200000 4500
001 in00000065657
005 20151007083527.0
008 781117s1927 nyuac b 01000 eng
010 |a  27024537  
035 |a (OCoLC)04382672 
035 |9 AAF9499AM 
040 |a DLC  |c GAT  |d TXA  |d UtOrBLW 
049 |a TXAM  |c [226056] 
050 0 |a HB31  |b .E3 
092 |a 304  |b E19 
245 0 0 |a Economic essays /  |c contributed in honor of John Bates Clark, edited by Jacob H. Hollander, published on behalf of the American Economic Association. 
264 1 |a New York :  |b Macmillan,  |c 1927. 
300 |a viii, 368 pages :  |b frontispiece (portrait) diagrams ;  |c 23 cm. 
336 |a text  |b txt  |2 rdacontent 
337 |a unmediated  |b n  |2 rdamedia 
338 |a volume  |b nc  |2 rdacarrier 
500 |a CONTENTS (cont.)--A statistical method for measuring "marginal utility" and testing the justice of a progressive income tax, by I. Fisher.--Alternatives seen as basic economic facts, by F. H. Giddings.--Les cooperatives dans les pays latins: un probleme de geographie sociale, by C. Gide.--The farmer's indemnity, by A. S. Johnson.--Eight-hour theory in the American Federation of Labor, by H. R. Mussey.--The holding movement in agri culture, by J. E. Pope.--The early teaching of economics in the United States, by E. R. A. Seligman.--A functional theory of economic profit, by C. A. Tuttle. 
504 |a "Bibliography of the writings of John Bates Clark": pages 339-351. 
505 0 |a John Bates Clark as an economist, by J. H. Hollander.--Static economics and business forecasting, by B. M. Anderson, Jr.--The entrepreneur and the supply of capital, by G. E. Barnett.--The Mathusiad: fantasia economica, by J. Bonar.--The static state and the technology of economic reform, by T. N. Carver.--The relation between statics and dynamics, by J. M. Clark. --Elasticity of supply as a determinant of distribution, by P. H. Douglas.--Land economics, by R. T. Ely.--Clark's reformulation of the capital concept, by F. A. Fetter. 
600 1 0 |a Clark, John Bates,  |d 1847-1938. 
650 0 |a Economics. 
650 0 |a Festschriften. 
700 1 |a Hollander, Jacob H.  |q (Jacob Harry),  |d 1871-1940. 
710 2 |a American Economic Association. 
999 |a MARS 
999 f f |s 90745887-7ab4-3b18-a855-c2285845760b  |i 0edabbb6-8b39-3be3-af37-b53a5ca891e4  |t 0 
952 f f |p ric  |a Texas A&M University  |b Rellis Campus  |c Joint Library Facility  |d Remote Storage  |t 0  |e HB31 .E3  |h Library of Congress classification  |i unmediated -- volume  |m A14800644893 
998 f f |a HB31 .E3  |t 0  |l Remote Storage